Marcatori della Fiorentina in UEFA Europa Conference League 2022-2023 - Statistics

Statistiche generali
  • Questo quiz è stato fatto 29 volte
  • Il punteggio medio è 30 su 36
Statistiche sulle risposte
Partita Minuto Marcatore % Corretto
RFS Riga - Fiorentina 0-2 44' Arthur Cabral
91%
Sporting Braga - Fiorentina 0-4 79' Arthur Cabral
91%
Sporting Braga - Fiorentina 0-4 90' Arthur Cabral
91%
Fiorentina - Sporting Braga 3-2 83' Arthur Cabral
91%
Sivasspor - Fiorentina 1-4 44' Arthur Cabral
91%
Lech Poznań - Fiorentina 1-4 4' Arthur Cabral
91%
Fiorentina - Basilea 1-2 25' Arthur Cabral
91%
Lech Poznań - Fiorentina 1-4 58' Giacomo Bonaventura
91%
Fiorentina - West Ham United 1-2 67' Giacomo Bonaventura
91%
Hearts - Fiorentina 0-3 79' Luka Jović
91%
Fiorentina - Hearts 5-1 6' Luka Jović
91%
Fiorentina - İstanbul Başakşehir 2-1 36' Luka Jović
91%
Fiorentina - İstanbul Başakşehir 2-1 61' Luka Jović
91%
Sporting Braga - Fiorentina 0-4 46' Luka Jović
91%
Sporting Braga - Fiorentina 0-4 60' Luka Jović
91%
Fiorentina - Hearts 5-1 32' Nicolás González
91%
Fiorentina - Hearts 5-1 79' Nicolás González
91%
Lech Poznań - Fiorentina 1-4 41' Nicolás González
91%
Basilea - Fiorentina 1-3 (d.t.s.) 35' Nicolás González
91%
Basilea - Fiorentina 1-3 (d.t.s.) 72' Nicolás González
91%
Fiorentina - Hearts 5-1 22' Cristiano Biraghi
86%
Fiorentina - RFS Riga 1-1 56' Antonín Barák
82%
Fiorentina - Hearts 5-1 38' Antonín Barák
82%
RFS Riga - Fiorentina 0-2 7' Antonín Barák
82%
Fiorentina - Sivasspor 1-0 69' Antonín Barák
82%
Basilea - Fiorentina 1-3 (d.t.s.) 130' Antonín Barák
82%
Fiorentina - Lech Poznań 2-3 78' Riccardo Sottil
82%
Sivasspor - Fiorentina 1-4 62' Nikola Milenković
77%
Hearts - Fiorentina 0-3 42' Christian Kouamé
73%
Lech Poznań - Fiorentina 1-4 63' Jonathan Ikoné
73%
Hearts - Fiorentina 0-3 4' Rolando Mandragora
73%
Fiorentina - Sporting Braga 3-2 37' Rolando Mandragora
73%
Sivasspor - Fiorentina 1-4 89' Gaetano Castrovilli
59%
Fiorentina - Lech Poznań 2-3 92' Gaetano Castrovilli
59%
RFS Riga - Fiorentina 0-2 47' Riccardo Saponara
55%
Fiorentina - Sporting Braga 3-2 58' Riccardo Saponara
55%
Nessun quiz corrispondente trovato
Distribuzione punteggi
Percentuale di utenti per punteggio
Percentile per numero di risposta
I tuoi punteggi nel tempo
Non hai fatto questo quiz